Music Quiz

Random Music or Clickable Quiz

🍁 7 to 1: Top 10 Hits in Canada 🍁 Quiz Stats

 Plays Quiz not verified by Sporcle

Challenge
Share
Tweet
Score 0/28 Timer 05:00
0 Plays Today
% Correct
My Heart Will Go On
95.4%
That Don't Impress Me Much
88.9%
American Woman
88%
Complicated
86.1%
Because You Loved Me
82.8%
Girlfriend
82.6%
You're Still the One
81.8%
How You Remind Me
80.5%
The Power of Love
77.5%
Photograph
74.8%
Clap for the Wolfman
69.6%
All by Myself
67.5%
No Sugar Tonight
66.8%
These Eyes
61.6%
% Correct
Runnin' Back to Saskatoon
57.4%
She's So High
53.3%
A New Day Has Come
50.5%
If You Asked Me To
48.1%
Gotta Be Somebody
47.6%
No Time
46.1%
When You're Gone
45.8%
Forever and for Always
43.7%
Someday
42.3%
Laughing
39.8%
Don't Tell Me
36.5%
Help Me
30.5%
You Turn Me On, I'm a Radio
28.4%
When We Stand Together
28.2%

You're not logged in!

Compare scores with friends on all Sporcle quizzes.
OR
Log In

You Might Also Like...

Show Comments

Extras

Top Quizzes Today


Score Distribution

Your Account Isn't Verified!

In order to create a playlist on Sporcle, you need to verify the email address you used during registration. Go to your Sporcle Settings to finish the process.

Report this User

Report this user for behavior that violates our Community Guidelines.

Details: